[Event "London Classic Open 2018"]
[Site "London ENG"]
[Date "2018.12.15"]
[Round "7.85"]
[White "Spina, Simonpietro"]
[Black "Zhao, Haolin"]
[Result "0-1"]
[WhiteElo "1881"]
[BlackElo "1765"]
[WhiteFideId "882453"]
[BlackFideId "428680"]
[EventDate "2018.12.09"]

1. e4 c5 2. Nc3 g6 3. g3 Nc6 4. Bg2 Bg7 5. d3 d6 6. f4 Nf6 7. Nf3 Bg4 8. h3 Bxf3
9. Qxf3 Nd7 10. O-O Nd4 11. Qd1 Rb8 12. Ne2 b5 13. c3 Nxe2+ 14. Qxe2 a5 15. Qc2
a4 16. Rb1 O-O 17. Be3 Qa5 18. Rfc1 b4 19. cxb4 Qxb4 20. Kh2 Bxb2 21. Rd1 Qa3 0-1

[Event "London Classic Open 2018"]
[Site "London ENG"]
[Date "2018.12.15"]
[Round "7.86"]
[White "Vachtfeidl, Petr"]
[Black "Mihailidou, Magdalini"]
[Result "1-0"]
[WhiteElo "1861"]
[BlackElo "1754"]
[WhiteFideId "315028"]
[BlackFideId "25801236"]
[EventDate "2018.12.09"]

1. d4 d5 2. c4 e5 3. dxe5 d4 4. Nf3 Nc6 5. a3 Bg4 6. Nbd2 Qe7 7. h3 Bf5 8. g3
O-O-O 9. Bg2 Qd7 10. b4 Qe6 11. O-O Be7 12. b5 Nxe5 13. Nxe5 Qxe5 14. Bb2 h5 15.
e3 Qe6 16. Qf3 c6 17. bxc6 bxc6 18. Bxd4 Rh6 19. Ra2 Bxh3 20. Rb1 h4 21. Bxh3
Qxh3 22. g4 Qxf3 23. Nxf3 c5 24. Be5 Rg6 25. Rb8+ Kd7 26. Rd2+ Ke8 27. Rdxd8+
Bxd8 28. Bc7 Rxg4+ 29. Kh2 Nh6 30. Rxd8+ Ke7 31. Ne5 Re4 32. Nc6+ Kf6 33. Rd6+
Kg5 34. Rd5+ f5 35. Bf4+ Kg6 36. Rd6+ Kh5 37. Ne5 Ng4+ 38. Nxg4 Kxg4 39. Rg6+
Kf3 40. Kh3 Kxf2 41. Rxg7 Rxc4 42. Rxa7 Rc1 43. Kxh4 c4 44. Kg5 c3 45. e4 Re1
46. Kxf5 c2 47. Rc7 Re2 48. a4 Ke1 49. a5 Rg2 50. a6 Kd1 51. a7 Rg8 52. e5 Rf8+
53. Ke4 Re8 54. Rd7+ Ke1 55. Rb7 Ra8 56. e6 Kd1 57. Rd7+ Ke1 58. e7 Re8 59. Kd5
Rh8 60. Rd8 1-0

[Event "London Classic Open 2018"]
[Site "London ENG"]
[Date "2018.12.15"]
[Round "7.87"]
[White "Lochte, Szilvia"]
[Black "Chilton, James I"]
[Result "1/2-1/2"]
[WhiteElo "1843"]
[BlackElo "1738"]
[WhiteFideId "708410"]
[BlackFideId "423009"]
[EventDate "2018.12.09"]

1. c4 e5 2. g3 Nf6 3. Bg2 Bc5 4. Nc3 O-O 5. e3 Re8 6. Nge2 c6 7. d4 exd4 8. exd4
Bb6 9. O-O d6 10. h3 Bf5 11. Be3 Qc8 12. Kh2 Nbd7 13. Rc1 a6 14. Nf4 Nf8 15. Qb3
Bc7 16. Rfe1 g5 17. Nfe2 g4 18. h4 Ng6 19. Bg5 Nh5 20. Ng1 Bd7 21. Ne4 Kg7 22.
Qc3 f6 23. Bd2 f5 24. d5+ Ne5 25. Qe3 f4 26. gxf4 g3+ 27. Kh1 gxf2 28. fxe5
fxe1=Q 29. Qh6+ Kh8 30. Rxe1 Bg4 31. e6 Ng7 32. Nf6 Bf5 33. Bc3 Re7 34. Rf1 Bg6
35. Nh3 Qd8 36. Ng5 Ba5 37. Nf7+ Rxf7 38. exf7 Bxc3 39. bxc3 Qe7 40. Ne8 Rxe8
41. fxe8=Q+ Qxe8 42. Qf4 Nf5 43. h5 Qe3 44. hxg6 Ng3+ 45. Kh2 Nxf1+ 46. Qxf1
Qe5+ 47. Kg1 hxg6 48. Qc1 g5 49. Qd2 c5 50. Kf2 Kg7 51. Qe3 Qf6+ 52. Ke2 g4 53.
Be4 Qe5 54. Kd3 b6 55. Qf2 g3 56. Qf3 a5 57. Qg4+ Kf6 58. Qg8 Ke7 59. Qh7+ Kd8
60. Bf5 Ke8 61. Be6 Qf4 62. Qg6+ Kf8 63. Qg8+ Ke7 64. Qh7+ Kf8 65. Qg8+ 1/2-1/2

[Event "London Classic Open 2018"]
[Site "London ENG"]
[Date "2018.12.15"]
[Round "7.88"]
[White "Wei, Naomi"]
[Black "Kalkowski, Igor"]
[Result "0-1"]
[WhiteElo "1812"]
[BlackElo "1716"]
[WhiteFideId "425850"]
[BlackFideId "21833966"]
[EventDate "2018.12.09"]

1. d4 d5 2. c4 c6 3. Nc3 Nf6 4. e3 e6 5. Nf3 Nbd7 6. b3 Bd6 7. Be2 O-O 8. O-O b6
9. Bb2 Bb7 10. Rc1 Rc8 11. Bd3 c5 12. Qe2 cxd4 13. exd4 Bf4 14. Rcd1 h5 15. Bc1
dxc4 16. bxc4 Qc7 17. Nb5 Qb8 18. h3 a6 19. Nc3 Bxc1 20. Rxc1 Qf4 21. Qe3 Qxe3
22. fxe3 Rfe8 23. Ng5 e5 24. d5 Nc5 25. Be2 Rcd8 26. e4 Re7 27. Rf2 Rd6 28. Rcf1
Bc8 29. Kh2 Re8 30. Rb1 Re7 31. Rff1 Rb7 32. Rb2 Re7 33. Rfb1 Rb7 34. Rb4 g6 35.
Rf1 Kg7 36. Rfb1 Bd7 37. Rf1 Bc8 38. Kg3 Nh7 39. Nf3 f6 40. Kf2 Nf8 41. Ke3 Nfd7
42. Nh4 Nf8 43. g4 g5 44. Nf5+ Bxf5 45. Rxf5 h4 46. Rf1 Ng6 47. Rfb1 Nf8 48. Bd1
Nfd7 49. Ba4 Nb8 50. Be8 a5 51. Rb5 Nba6 52. Bc6 Rb8 53. a3 Nd7 54. Bxd7 Rxd7
55. Rxb6 Rxb6 56. Rxb6 Nc7 57. Rb7 Nxd5+ 58. exd5 Rxb7 59. Nb5 Kf8 60. a4 Ke7
61. c5 Kd8 62. d6 Kd7 63. Kd3 Kc6 64. Kc4 Rf7 65. Nc3 Rb7 66. Nd5 Rb1 67. Ne7+
Kd7 68. Kd5 Rd1+ 69. Kc4 Rh1 70. Kd5 Rd1+ 71. Kc4 Rd4+ 72. Kb5 Rb4+ 73. Kxa5 Rb1
74. Ka6 e4 75. Nd5 Kc6 76. Nxf6 e3 77. d7 Rd1 78. Ne4 e2 79. Nd6 Rxd6 80. cxd6
Kxd7 81. Kb7 e1=Q 82. a5 Qxa5 0-1

[Event "London Classic Open 2018"]
[Site "London ENG"]
[Date "2018.12.15"]
[Round "7.90"]
[White "Saravanan, Aadarsh"]
[Black "Liu, Cheng"]
[Result "1/2-1/2"]
[WhiteElo "1709"]
[BlackElo "1840"]
[WhiteFideId "440078"]
[BlackFideId "331059692"]
[EventDate "2018.12.09"]

1. d4 Nf6 2. c4 e6 3. Nc3 d5 4. Bg5 Be7 5. e3 O-O 6. Nf3 Nbd7 7. Bd3 dxc4 8.
Bxc4 Nb6 9. Bb3 Nfd5 10. Bxe7 Qxe7 11. O-O Bd7 12. Qd2 Rfd8 13. Ne4 a5 14. Nc5
Ra7 15. Rfc1 Be8 16. a3 Nc8 17. Bc2 b6 18. Qd3 g6 19. Ne4 Nd6 20. Nxd6 cxd6 21.
Bb3 Nf6 22. Qe2 Qb7 23. Qc4 Bd7 24. Qe2 Bc6 25. Bc4 Bxf3 26. Qxf3 Qxf3 27. gxf3
Rc8 28. Rc2 Rac7 29. Rac1 Kf8 30. Kf1 Ke7 31. Ke2 d5 32. Bb3 Rxc2+ 33. Rxc2
Rxc2+ 34. Bxc2 Ne8 35. Bd3 Kf6 36. h4 h6 37. f4 Nd6 38. Kf3 b5 39. b3 Kg7 40.
Kg3 b4 41. a4 Kf6 42. f3 Nf5+ 43. Bxf5 Kxf5 44. Kh3 f6 45. Kg3 1/2-1/2

[Event "London Classic Open 2018"]
[Site "London ENG"]
[Date "2018.12.15"]
[Round "7.91"]
[White "Sentissi, Yassine"]
[Black "Mohnblatt, Daniel"]
[Result "1-0"]
[WhiteElo "1571"]
[BlackElo "1749"]
[WhiteFideId "9011951"]
[BlackFideId "648582"]
[EventDate "2018.12.09"]

1. e4 Nf6 2. e5 Nd5 3. d4 d6 4. c4 Nb6 5. Nf3 g6 6. h3 Bg7 7. Be2 O-O 8. O-O Nc6
9. exd6 cxd6 10. Nc3 Bf5 11. Be3 d5 12. c5 Nc4 13. Bxc4 dxc4 14. d5 Ne5 15. Nxe5
Bxe5 16. Bd4 Bxd4 17. Qxd4 Bd3 18. Rfe1 e6 19. b3 exd5 20. Nxd5 f6 21. bxc4 Bf5
22. Rad1 Kg7 23. g4 Bc2 24. Rd2 Ba4 25. g5 Bc6 26. gxf6+ Rxf6 27. Re7+ 1-0

[Event "London Classic Open 2018"]
[Site "London ENG"]
[Date "2018.12.15"]
[Round "7.93"]
[White "Lie, Terje"]
[Black "Jekel, Wolfgang"]
[Result "0-1"]
[WhiteElo "1532"]
[BlackElo "1723"]
[WhiteFideId "1504916"]
[BlackFideId "4690370"]
[EventDate "2018.12.09"]

1. d4 Nf6 2. c4 c5 3. d5 Ne4 4. f3 Qa5+ 5. Bd2 Nxd2 6. Qxd2 Qxd2+ 7. Nxd2 d6 8.
e4 g6 9. Bd3 Bg7 10. Rb1 O-O 11. Ne2 Na6 12. a3 Bd7 13. O-O Rab8 14. b4 b5 15.
cxb5 Bxb5 16. Bxb5 Rxb5 17. bxc5 Rxc5 18. Rfc1 Rxc1+ 19. Nxc1 Rc8 20. Ncb3 Kf8
21. Kf1 Ke8 22. Ke2 Rc2 23. Kd3 Ra2 24. Na5 Rxa3+ 25. Ndb3 Nc5+ 26. Kc4 Nxb3 27.
Nxb3 Ra2 28. Rg1 Kd7 29. h3 Kc7 30. g3 Kb6 31. f4 Rc2+ 32. Kb4 Re2 33. Kc4 Rxe4+
34. Kd3 Rb4 35. Kc2 a5 36. Re1 Bf6 37. Re3 Rc4+ 38. Kd2 a4 39. Nc1 Rd4+ 40. Rd3
Kc5 41. Na2 Rxd3+ 42. Kxd3 Kxd5 43. Nb4+ Kc5 44. Na2 e6 45. g4 h6 46. Ke4 Kc4
47. Nc1 a3 48. f5 Bb2 49. fxe6 fxe6 50. Na2 Kb3 0-1

[Event "London Classic Open 2018"]
[Site "London ENG"]
[Date "2018.12.15"]
[Round "7.94"]
[White "Hizarci, Bora"]
[Black "Vignati, Massimo"]
[Result "1-0"]
[WhiteElo "1453"]
[BlackElo "1710"]
[WhiteFideId "457698"]
[BlackFideId "851337"]
[EventDate "2018.12.09"]

1. d4 Nf6 2. c4 e6 3. Nc3 d5 4. Bg5 Bb4 5. cxd5 exd5 6. e3 O-O 7. Bd3 c5 8. Ne2
c4 9. Bc2 h6 10. Bh4 g5 11. Bg3 Bg4 12. O-O Bxc3 13. bxc3 Qa5 14. Bd6 Re8 15.
Bb4 Qc7 16. Qd2 a5 17. Ba3 Nc6 18. h3 Bh5 19. Ng3 Bg6 20. Bxg6 fxg6 21. Qc2 Kg7
22. Rab1 h5 23. Rb5 h4 24. Ne2 Ne4 25. Rxd5 Qf7 26. Rb5 Rf8 27. Bxf8+ Rxf8 1-0

[Event "London Classic Open 2018"]
[Site "London ENG"]
[Date "2018.12.15"]
[Round "7.95"]
[White "De Lagontrie, Jean"]
[Black "Cotter, Len"]
[Result "1-0"]
[WhiteElo "1742"]
[BlackElo "1651"]
[WhiteFideId "605271"]
[BlackFideId "431419"]
[EventDate "2018.12.09"]

1. d4 e6 2. c4 f5 3. g3 Nf6 4. Bg2 c6 5. Nh3 d5 6. O-O Bd6 7. Bf4 O-O 8. Nd2 Qe7
9. Nf3 Bd7 10. Qc2 Ne4 11. Bxd6 Qxd6 12. Ne5 Be8 13. f3 Nf6 14. Nf4 Nbd7 15.
Nfd3 dxc4 16. Qxc4 Nd5 17. Qc1 Nxe5 18. dxe5 Qc7 19. Qc5 b6 20. Qf2 c5 21. Rac1
Bc6 22. f4 a5 23. b3 Rac8 24. Nb2 Bb5 25. Rfd1 Rfd8 26. a3 Qe7 27. Nc4 Bxc4 28.
bxc4 Nc7 29. e3 Qe8 30. Rd6 Rxd6 31. exd6 Na6 32. Bb7 Rd8 33. Bxa6 Rxd6 34. Bb7
Rd3 35. Bf3 Qa4 36. Qe2 Qxa3 37. Kf2 Qb3 38. Rd1 Rxd1 39. Qxd1 Qxc4 40. Qd8+ Kf7
41. Qd7+ Kg6 42. Qe8+ Kf6 43. Bh5 Qc2+ 44. Kg1 Qb1+ 45. Kg2 Qe4+ 46. Kh3 1-0

[Event "London Classic Open 2018"]
[Site "London ENG"]
[Date "2018.12.15"]
[Round "7.96"]
[White "Stoyanov, Boris"]
[Black "Newton, Andrew"]
[Result "0-1"]
[WhiteElo "1594"]
[BlackElo "1948"]
[WhiteFideId "456462"]
[BlackFideId "2403285"]
[EventDate "2018.12.09"]

1. d4 d5 2. Nf3 Nf6 3. Bf4 c5 4. c3 Qb6 5. Qb3 c4 6. Qxb6 axb6 7. e3 Nc6 8. Na3
Ra5 9. Bc7 e6 10. Bxb6 Ra6 11. Bc5 Bxc5 12. dxc5 Ne4 13. Nb5 Ra5 14. Nd6+ Nxd6
15. cxd6 Kd7 16. Be2 Kxd6 17. Nd4 Nxd4 18. exd4 Bd7 19. f4 Rha8 20. a3 Rb5 21.
Ra2 f6 22. O-O Ra6 23. Rfa1 Rab6 24. Rb1 Rb3 25. Bd1 Rxc3 26. Kf2 Rd3 27. Ke2
Rxd4 28. Ke3 e5 29. g3 Rd3+ 30. Ke2 exf4 31. gxf4 Rh3 32. Kf2 Rxh2+ 33. Kg1 Rh4
34. Bc2 Rxf4 35. Bxh7 Bf5 36. Bxf5 Rxf5 37. Rf1 Rxf1+ 38. Kxf1 d4 39. Ke2 Ke5
40. Kd2 Rxb2+ 41. Rxb2 c3+ 42. Kc2 cxb2 0-1

[Event "London Classic Open 2018"]
[Site "London ENG"]
[Date "2018.12.15"]
[Round "7.98"]
[White "Tomy, Jeff"]
[Black "Megias, Eva"]
[Result "1/2-1/2"]
[WhiteElo "1578"]
[BlackElo "1638"]
[WhiteFideId "427489"]
[BlackFideId "465062"]
[EventDate "2018.12.09"]

1. d4 d5 2. Nf3 Bg4 3. Ne5 Bd7 4. Bf4 Nc6 5. e3 Nxe5 6. Bxe5 e6 7. c4 c6 8. Nc3
Nf6 9. Bd3 c5 10. Bxf6 Qxf6 11. cxd5 cxd4 12. exd4 Qxd4 13. dxe6 Qe5+ 14. Qe2
Qxe2+ 15. Bxe2 Bxe6 16. O-O O-O-O 17. a3 Rd2 18. Rac1 Kb8 19. Rfd1 Rxd1+ 20.
Rxd1 Be7 21. Bf3 h5 22. Nb5 g5 23. g3 g4 24. Bg2 h4 25. Rc1 Rc8 26. Rxc8+ Bxc8
27. gxh4 a6 28. Nc3 Bxh4 29. Ne4 Be7 30. Nc3 Bf6 31. Bd5 Bxc3 32. bxc3 f5 33.
Kg2 Kc7 34. c4 Kd6 35. f3 Kc5 36. Kg3 b5 37. fxg4 fxg4 38. Bg8 bxc4 39. Kf2 Kd4
40. Ke2 Bf5 41. Bf7 c3 42. Bb3 Bd3+ 43. Kd1 Ke3 44. Be6 Kf3 45. Bc8 a5 46. Bb7+
Ke3 47. Bc8 Kf4 48. Bb7 Kg5 49. Bc6 Kh4 50. Bg2 g3 51. hxg3+ Kxg3 52. Bd5 Kf4
53. Bb3 Ke5 54. Kc1 Kd4 55. Ba4 Kc4 56. Kd1 Kd4 57. Kc1 Ke3 58. Kd1 Kf2 59. Bb3
Ke3 60. Kc1 1/2-1/2

[Event "London Classic Open 2018"]
[Site "London ENG"]
[Date "2018.12.15"]
[Round "7.99"]
[White "Nergard, Ole-Kristian"]
[Black "Haddock, Paul"]
[Result "0-1"]
[WhiteElo "1630"]
[BlackElo "1558"]
[WhiteFideId "1543156"]
[BlackFideId "419150"]
[EventDate "2018.12.09"]

1. e4 d6 2. d4 c5 3. c3 Nc6 4. Nf3 Nf6 5. Bd3 cxd4 6. cxd4 g6 7. d5 Ne5 8. Nxe5
dxe5 9. O-O Bg7 10. Nc3 O-O 11. h3 Bd7 12. Be3 Nh5 13. Qd2 Qa5 14. Rac1 Rac8 15.
g4 Nf4 16. Bxf4 exf4 17. Rfe1 Be5 18. a3 Rc7 19. Nb1 Qxd2 20. Nxd2 Rfc8 21. Rxc7
Rxc7 22. Nc4 Bd4 23. e5 b5 24. d6 exd6 25. Nxd6 Bxb2 26. Bxb5 Bxa3 27. Bxd7 Rxd7
28. Ne4 Rc7 29. Ra1 Rc1+ 30. Rxc1 Bxc1 31. Kf1 Kf8 32. Nc5 Bb2 33. Nd3 Bd4 34.
g5 Ke7 35. Nxf4 Bxe5 36. Nd3 Ke6 37. Ke2 Kf5 38. Ke3 Bd6 39. f4 a5 0-1

[Event "London Classic Open 2018"]
[Site "London ENG"]
[Date "2018.12.15"]
[Round "8.1"]
[White "Yuffa, Daniil"]
[Black "Moussard, Jules"]
[Result "1/2-1/2"]
[WhiteTitle "GM"]
[BlackTitle "GM"]
[WhiteElo "2572"]
[BlackElo "2591"]
[WhiteFideId "24131423"]
[BlackFideId "642908"]
[EventDate "2018.12.09"]

1. d4 d6 2. Nf3 Nf6 3. c4 g6 4. Nc3 Bf5 5. h3 Ne4 6. Nxe4 Bxe4 7. Ng5 Bc6 8. d5
Bd7 9. Qd4 f6 10. h4 Bg7 11. Nh3 e5 12. dxe6 Bxe6 13. Nf4 Bf5 14. g4 Bd7 15.
Qe3+ Qe7 16. Qxe7+ Kxe7 17. Nd5+ Kd8 18. g5 f5 19. h5 Bc6 20. Rh4 Bxd5 21. cxd5
Nd7 22. h6 Be5 23. Bg2 Re8 24. Kf1 Nc5 25. Rb1 a5 26. b3 Ra6 27. Bd2 b5 28. Bf3
Rf8 29. Kg2 Kd7 30. Rhh1 Rb8 31. Rh4 Rf8 32. Rhh1 Rb8 33. Rh4 Rf8 1/2-1/2

[Event "London Classic Open 2018"]
[Site "London ENG"]
[Date "2018.12.15"]
[Round "8.2"]
[White "Pert, Nicholas"]
[Black "Gormally, Daniel W"]
[Result "1-0"]
[WhiteTitle "GM"]
[BlackTitle "GM"]
[WhiteElo "2546"]
[BlackElo "2478"]
[WhiteFideId "403989"]
[BlackFideId "406465"]
[EventDate "2018.12.09"]

1. d4 d5 2. c4 e6 3. Nf3 Nf6 4. Nc3 Be7 5. Bf4 O-O 6. e3 c5 7. dxc5 Nc6 8. Qc2
Qa5 9. Bd6 Bxd6 10. cxd6 dxc4 11. Bxc4 Qc5 12. Qe2 Qxd6 13. O-O Ne5 14. Rfd1
Nxf3+ 15. Qxf3 Qb4 16. Qe2 Bd7 17. Rd4 Qe7 18. Rad1 Bc6 19. Bb5 Rfc8 20. e4 e5
21. R4d2 Bxb5 22. Qxb5 Rc5 23. Qb4 h6 24. Nd5 Nxd5 25. exd5 b6 26. d6 Qd7 27. h3
Rac8 28. Qb3 Rc1 29. Qe3 Rxd1+ 30. Rxd1 f6 31. Qe4 Kh8 32. f4 Re8 33. fxe5 Rxe5
34. Qc4 Rc5 35. Qb3 Re5 36. Kh1 Re8 37. Qd5 Re5 38. Qc4 Rc5 39. Qd3 Rc6 40. b4
Rc8 41. Re1 Rd8 42. Re7 Qc6 43. d7 1-0

[Event "London Classic Open 2018"]
[Site "London ENG"]
[Date "2018.12.15"]
[Round "8.3"]
[White "Melkumyan, Hrant"]
[Black "Gumularz, Szymon"]
[Result "1/2-1/2"]
[WhiteTitle "GM"]
[BlackTitle "IM"]
[WhiteElo "2670"]
[BlackElo "2462"]
[WhiteFideId "13302485"]
[BlackFideId "1188062"]
[EventDate "2018.12.09"]

1. d4 Nf6 2. Nf3 e6 3. c4 d5 4. Nc3 Be7 5. Bf4 O-O 6. e3 Nbd7 7. c5 Nh5 8. Bd3
b6 9. b4 a5 10. a3 Nxf4 11. exf4 c6 12. O-O Ba6 13. Bxa6 Rxa6 14. Qe2 Ra8 15. g3
Bf6 16. Ne5 Bxe5 17. fxe5 f5 18. Rac1 b5 19. Qd2 g5 20. bxa5 Rxa5 21. Na2 Ra4
22. Nb4 Nb8 23. Rc3 Rf7 24. Kg2 Rg7 25. Rh1 Raa7 26. h4 gxh4 27. Qh6 Rg6 28.
Qxh4 Qxh4 29. Rxh4 Rg4 30. Rh6 Rg6 31. Rh4 Rg4 32. Kh3 Rag7 33. Rd3 Rxh4+ 34.
Kxh4 Rg4+ 35. Kh3 Re4 36. Rd2 Re1 37. Kg2 Ra1 38. Rd3 Kg7 39. Kf3 Kg6 40. Rb3
Kg5 41. Ke2 h5 42. Nd3 Nd7 43. Nb4 Nb8 44. Nc2 Rc1 45. Kd2 Rf1 46. Ke2 Rc1 47.
Rb2 f4 48. a4 fxg3 49. fxg3 Kg4 50. Kf2 Kf5 51. Kf3 Rf1+ 52. Ke2 Rc1 53. Kd2 Rg1
54. Rb3 Rg2+ 55. Kc1 Rg1+ 56. Kb2 Kg4 57. axb5 Rxg3 58. Ne3+ Kg5 59. Ra3 1/2-1/2

[Event "London Classic Open 2018"]
[Site "London ENG"]
[Date "2018.12.15"]
[Round "8.5"]
[White "Megalios, Konstantinos"]
[Black "Debashis, Das"]
[Result "1/2-1/2"]
[BlackTitle "GM"]
[WhiteElo "2365"]
[BlackElo "2544"]
[WhiteFideId "4238044"]
[BlackFideId "5024854"]
[EventDate "2018.12.09"]

1. d4 Nf6 2. c4 e6 3. g3 d5 4. Bg2 Be7 5. Nf3 O-O 6. O-O dxc4 7. Qc2 a6 8. a4
Bd7 9. Qxc4 Bc6 10. Bg5 Bd5 11. Qc2 Be4 12. Qd1 h6 13. Bxf6 Bxf6 14. Nc3 Bxf3
15. Bxf3 c6 16. e3 a5 17. h4 Na6 18. h5 Nb4 19. Qb3 Ra6 20. Rfd1 Rb6 21. Ne4 Nd5 1/2-1/2

[Event "London Classic Open 2018"]
[Site "London ENG"]
[Date "2018.12.15"]
[Round "8.6"]
[White "Bogner, Sebastian"]
[Black "Hebden, Mark L"]
[Result "1-0"]
[WhiteTitle "GM"]
[BlackTitle "GM"]
[WhiteElo "2610"]
[BlackElo "2425"]
[WhiteFideId "4692055"]
[BlackFideId "400084"]
[EventDate "2018.12.09"]

1. c4 g6 2. d4 Nf6 3. Nc3 Bg7 4. e4 d6 5. Nf3 O-O 6. Be2 e5 7. O-O Nc6 8. d5 Ne7
9. b4 a5 10. bxa5 c5 11. a4 Rxa5 12. Ra3 Ra6 13. Nd2 Kh8 14. Nb5 Ne8 15. Kh1 f5
16. exf5 gxf5 17. f4 Ng6 18. fxe5 dxe5 19. Nb3 b6 20. a5 Rf7 21. axb6 Qxb6 22.
Be3 Bf8 23. Qa1 Nc7 24. Bg1 Nxb5 25. cxb5 Rxa3 26. Qxa3 Ra7 27. Qb2 Rc7 28. Nd2
Bg7 29. Nc4 Qb7 30. Nd6 Qxd5 31. Rd1 Qa8 32. b6 Nf4 33. Bf1 Rd7 34. Bxc5 Bb7 35.
Ra1 Qb8 36. Nxb7 e4 37. Qb5 Rxb7 38. Ra7 1-0

[Event "London Classic Open 2018"]
[Site "London ENG"]
[Date "2018.12.15"]
[Round "8.7"]
[White "Cornette, Matthieu"]
[Black "Milliet, Sophie"]
[Result "1/2-1/2"]
[WhiteTitle "GM"]
[BlackTitle "IM"]
[WhiteElo "2597"]
[BlackElo "2376"]
[WhiteFideId "620084"]
[BlackFideId "623725"]
[EventDate "2018.12.09"]

1. d4 Nf6 2. Nf3 g6 3. c4 Bg7 4. g3 O-O 5. Bg2 d6 6. O-O Nbd7 7. Nc3 e5 8. e4 c6
9. Be3 Ng4 10. Bg5 f6 11. Bd2 Nh6 12. Qc2 Qe7 13. Rad1 Nb6 14. b3 Bg4 15. Be3
exd4 16. Bxd4 f5 17. Bxg7 Qxg7 18. Rxd6 fxe4 19. Ng5 e3 20. fxe3 Rxf1+ 21. Bxf1
Qe7 22. Nge4 Rf8 23. Qd2 Nd7 24. c5 Ne5 25. Be2 Bf3 26. Qd1 Nhg4 27. Qd2 Nh6 28.
Qd1 Nhg4 29. Qd2 1/2-1/2

[Event "London Classic Open 2018"]
[Site "London ENG"]
[Date "2018.12.15"]
[Round "8.8"]
[White "Hawkins, Jonathan"]
[Black "Piesik, Piotr"]
[Result "1/2-1/2"]
[WhiteTitle "GM"]
[BlackTitle "FM"]
[WhiteElo "2583"]
[BlackElo "2404"]
[WhiteFideId "412686"]
[BlackFideId "1136194"]
[EventDate "2018.12.09"]

1. e4 e6 2. d4 d5 3. exd5 exd5 4. Nf3 Nf6 5. Bd3 Bd6 6. Qe2+ Qe7 7. Qxe7+ Bxe7
8. Bf4 c6 9. O-O Nh5 10. Bd2 O-O 11. Re1 Bd6 12. g3 g6 13. Bh6 Ng7 14. Kg2 Bg4
15. Nh4 Be6 16. f4 Nd7 17. f5 gxf5 18. Rf1 Rfe8 19. Bg5 Be7 20. Bxe7 Rxe7 21.
Nc3 Nf6 22. Rae1 Ne4 23. Nd1 Rae8 24. Ne3 Nd6 25. Kg1 Bd7 26. Nhg2 Nh5 27. Rf3
Nf6 28. Ref1 Nfe4 29. Rf4 Nd2 30. Rd1 N2e4 31. Rdf1 Nd2 32. Rd1 N2e4 33. Rdf1 1/2-1/2

[Event "London Classic Open 2018"]
[Site "London ENG"]
[Date "2018.12.15"]
[Round "8.9"]
[White "Cherniaev, Alexander"]
[Black "Hillarp Persson, Tiger"]
[Result "0-1"]
[WhiteTitle "GM"]
[BlackTitle "GM"]
[WhiteElo "2393"]
[BlackElo "2546"]
[WhiteFideId "4117301"]
[BlackFideId "1700812"]
[EventDate "2018.12.09"]

1. e4 g6 2. d4 Bg7 3. Nc3 d6 4. Be3 a6 5. a4 b6 6. h3 e6 7. g3 Ne7 8. Bg2 Bb7 9.
Nge2 Nd7 10. O-O d5 11. Qd2 dxe4 12. Nxe4 Rb8 13. Bh6 Bxh6 14. Qxh6 Nf5 15. Qg5
Qxg5 16. Nxg5 c5 17. Rfd1 Nf6 18. a5 cxd4 19. Nxd4 O-O 20. Bxb7 Rxb7 21. Ngf3
Rc8 22. Ne1 Nxd4 23. Rxd4 bxa5 24. b3 Rc5 25. Rd6 Ra7 26. Rd4 Rb7 27. Rd6 Ra7
28. Rd4 Rd7 29. Rxd7 Nxd7 30. c4 Rc6 31. Rxa5 Nc5 32. b4 Nb7 33. Ra1 Rxc4 34.
Rxa6 Rxb4 35. Ra8+ Kg7 36. Rb8 Rb3 37. Nd3 Nc5 38. Rxb3 Nxb3 39. f4 h6 40. Kf2
Nd4 41. Ke3 Nf5+ 42. Kf3 g5 43. Ne5 f6 44. Nc6 Kf7 45. Nb4 Ne7 46. Nd3 gxf4 47.
Nxf4 Ng6 48. Nh5 Nf8 49. Nf4 Nh7 50. Kg4 Ng5 51. Kh4 e5 52. Nd3 Kg6 53. g4 Ne4
54. Nb4 Nd6 55. Nd3 Ne8 56. Nc5 Ng7 57. Kg3 Kf7 58. Ne4 Ke6 59. Kf3 Ne8 60. Ng3
Nd6 61. Nh5 f5 62. gxf5+ Kxf5 63. Ng3+ Kg5 64. Nh1 e4+ 65. Kg2 Nf5 66. Nf2 Kf4
67. Ng4 0-1

[Event "London Classic Open 2018"]
[Site "London ENG"]
[Date "2018.12.15"]
[Round "8.10"]
[White "McDonald, Neil"]
[Black "Hector, Jonny"]
[Result "1-0"]
[WhiteTitle "GM"]
[BlackTitle "GM"]
[WhiteElo "2403"]
[BlackElo "2501"]
[WhiteFideId "400629"]
[BlackFideId "1700090"]
[EventDate "2018.12.09"]

1. e4 e5 2. Nf3 Nc6 3. Bb5 a6 4. Ba4 d6 5. c3 f5 6. exf5 Bxf5 7. O-O Bd3 8. Re1
Be7 9. Bc2 Bxc2 10. Qxc2 Nf6 11. d4 O-O 12. Bg5 e4 13. Bxf6 exf3 14. Bxe7 Nxe7
15. g3 Nd5 16. Nd2 Qg5 17. Kh1 Rf5 18. Qe4 Raf8 19. Rad1 Nf6 20. Qe6+ Kh8 21.
Ne4 Qh5 22. Nxf6 Qh3 23. Rg1 R8xf6 24. Qe8+ Rf8 25. Qe6 g6 26. Rde1 Qh6 27. g4
R5f7 28. Re3 Qg5 29. d5 Rf6 30. Qe4 Rf4 31. Qe6 h6 32. b3 b5 33. a3 a5 34. Rg3
Kg7 35. h3 R8f7 36. Kh2 h5 37. gxh5 Qxh5 38. Re1 R4f6 39. Qe4 Qf5 40. Qd4 Kf8
41. Rg4 Re7 42. Rxe7 Kxe7 43. Re4+ Kd7 44. a4 Qg5 45. Rg4 Qe5+ 46. Qxe5 dxe5 47.
axb5 Kd6 48. Rc4 Rf7 49. Ra4 Kxd5 50. Rxa5 Ke4 51. Ra7 Kd3 52. b6 e4 53. b7 1-0

[Event "London Classic Open 2018"]
[Site "London ENG"]
[Date "2018.12.15"]
[Round "8.11"]
[White "Arkell, Keith C"]
[Black "Bates, Richard A"]
[Result "1-0"]
[WhiteTitle "GM"]
[BlackTitle "IM"]
[WhiteElo "2453"]
[BlackElo "2372"]
[WhiteFideId "400270"]
[BlackFideId "403555"]
[EventDate "2018.12.09"]

1. d4 Nf6 2. Nf3 g6 3. c4 Bg7 4. g3 O-O 5. Bg2 d6 6. Nc3 Nbd7 7. O-O e5 8. e4
exd4 9. Nxd4 a6 10. Rb1 Re8 11. h3 Rb8 12. Re1 Nc5 13. b4 Ne6 14. Be3 h6 15.
Nxe6 Bxe6 16. Qd3 Qd7 17. Kh2 b5 18. cxb5 axb5 19. Rbd1 Bc4 20. Qd2 Kh7 21. Qc2
Re5 22. Ba7 Rbe8 23. f4 Rh5 24. e5 Ng4+ 25. Kg1 c6 26. hxg4 Qxa7+ 27. Qf2 Qxf2+
28. Kxf2 Rh2 29. Rxd6 Bf8 30. Red1 Be6 31. Kg1 Bxd6 32. Rxd6 Rxg2+ 33. Kxg2 Ra8
34. Rxc6 Bxg4 35. Rc5 Ra3 36. Kf2 Be6 37. Ke2 Bxa2 38. Nxa2 Rxa2+ 39. Kf3 Ra3+
40. Kg4 h5+ 41. Kh4 Re3 42. Rxb5 Kg7 43. Rb7 Re1 44. Kh3 g5 45. Rd7 Re4 46. b5
h4 47. b6 Rb4 48. b7 Kg6 49. fxg5 hxg3 50. Kxg3 Kxg5 51. Rxf7 Rb3+ 52. Kf2 Kg6
53. e6 Rb2+ 54. Ke3 Rb6 55. Kd4 Rxe6 56. Rf8 1-0